000 00351nam a2200157 i 4500
001 bg
100 1 _aBORISOV, V. V.
245 0 _aPentagon i nauka /
_cV.V. Borisov.
260 _aWarszawa,
_c1977.
700 1 _aBorisow, W. W.
040 _cBPK
041 _apol
080 _a355:001
942 _cKS
008 s pl f |000 0 pol
999 _c26979
_d26979
856 _uhttp://koha.tu.koszalin.pl/cgi-bin/koha/opac-detail.pl?biblionumber=26979
_yKatalog online BPK